DC characters ultimate quiz - Statistics

General Stats
  • This quiz has been taken 2,371 times
    2,370 since last reset
  • The average score is 96 of 249
Answer Stats
Hint Answer % Correct
Caped crusader Batman
99%
Man of tomorrow Superman
98%
Fastest man alive The Flash
98%
Greatest amazon Wonder Woman
97%
King of Atlantis Aquaman
96%
The clown prince of crime Joker
89%
Acrobatic Robin Nightwing
88%
Edgiest Robin Red Hood
84%
Just a kid Captain Marvel
83%
Can get really small The Atom
83%
Kara Supergirl
82%
Beware his power and test pilot (name requested) Hal Jordan
81%
Crazy lady Harley Quinn
81%
Smartest Robin Red Robin
80%
Half man half robot Cyborg
79%
Republican Hawk
79%
Hates Superman Lex Luthor
79%
Doesn't like fire Martian Manhunter
79%
Plant lady Poison Ivy
79%
Beware his power and war veteran (name requested) John Stewart
78%
Hates The Flash Reverse Flash
77%
Green animals Beast Boy
76%
Feline lady Catwoman
76%
Connor Superboy
76%
Thanagarian female Hawkgirl
75%
Long hair alien girl (likes acrobatic Robin) Starfire
75%
Scarab Blue Beetle
74%
Annoying Robin Damian Wayne
74%
Thanagarian male Hawkman
74%
Coin Two-Face
74%
Cold man Mr. Freeze
73%
Dark girl Raven
73%
Golden helmet Doctor Fate
72%
She can speak backwards fluently Zatanna
72%
Brazilian pyrokinetic heroine Fire
71%
Redhead Batgirl
70%
Red hair bat Batwoman
70%
Don't let her scream near you Black Canary
70%
Fastest boy alive Kid Flash
70%
Best butler Alfred
69%
Likes an old-fashioned weapon Green Arrow
68%
Best journalist Lois Lane
68%
League of Shadows leader Ras Al Ghul
68%
Fear Scarecrow
68%
Short villain Penguin
66%
Annoying Robin's mother Talia Al Ghul
66%
Has a frost gun Captain Cold
64%
Great shapeshifter and silly Plastic Man
64%
Back breaker Bane
63%
Weird Superman Bizarro
63%
Mafia killed her parents and wears a purple mask Huntress
62%
Literally the god of war himself Ares
60%
Loser from the future Booster Gold
60%
Evil for the sake of it Darkseid
60%
Interrogation man Riddler
60%
Psychopath from Krypton General Zod
59%
Was green now he's yellow Sinestro
59%
Aquaman's sidekick Aqualad
58%
Probably the best design ever Deathstroke
58%
Two guys, one body Firestorm
58%
Big black monkey Gorilla Grodd
58%
Alice in Wonderland Mad Hatter
58%
Scales Killer Croc
57%
Bullseye Deadshot
56%
Windy android Red Tornado
56%
Bruce's father Thomas Wayne
56%
Wonder Woman's sidekick Wonder Girl
55%
What's inside your skull? Brain
53%
Apex predator Cheetah
53%
Great shapeshifter and stupid Clay Face
53%
Cold lady Killer Frost
53%
Skull in a suit (crime lord) Black Mask
52%
Doctor turned animal Man-Bat
52%
Female Robin Spoiler
52%
Australian villain Captain Boomerang
50%
Feline dude Catman
50%
Beware his power and silly (name requested) Guy Gardner
50%
Faceless man Question
50%
Satan himself (also Raven's father) Trigon
50%
Killed Superman once Doomsday
49%
Aquaman's wife Mera
47%
Likes an old-fashioned weapon but red Red Arrow
47%
Flamethrower and can fly Firefly
46%
Married to the fastest man alive Iris West
46%
Photographer Jimmy Olsen
46%
Common woman from Kansas Martha Kent
46%
Girl from Mars Miss Martian
46%
Big alien starfish Starro
46%
Literally nuclear energy Captain Atom
45%
Cockiest dude in the world John Constantine
45%
Egyptian villain Black Adam
44%
Has a really big black helmet Black Manta
44%
Bruce Wayne's childhood friend turned evil Hush
44%
Intergalactic bounty hunter Lobo
44%
Cares about the green a lot Swamp Thing
44%
He can shock you but black Black lightning
43%
Really big lady Giganta
43%
Why did you say that name? Martha Wayne
43%
Evil version of Batman Owlman
43%
Archeologist who has a jetpack Adam Strange
42%
Big and stupid aquatic animal King Shark
42%
Sees his own reflection a lot Mirror Master
42%
Really advanced android Brainiac
40%
Sword lady Katana
40%
Zombie Solomon Grundy
40%
Fastest old man alive Jay Garrick
39%
Superman's son Jon Kent
39%
Immortal cave man Vandal Savage
38%
Beware his power and old Alan Scott
37%
Android that can copy any power Amazo
37%
Can get really big Atom Smasher
37%
Zatanna's father Giovanni Zatara
37%
Norwegian cryokinetic heroine Ice
37%
Redhead's father James Gordon
37%
Beware his power and comic book artist (name requested) Kyle Rayner
37%
Claws Vixen
37%
Sherlock monkey Detective Chimp
36%
Silly villain that likes colorful circles Polka-Dot Man
36%
He has a big hammer Steel
36%
Married Scott Free Big Barda
35%
You wouldn't want her as your grandmother Granny Goodness
35%
Will do anything to achieve peace and freedom Peacemaker
35%
He's not alive Deadman
34%
Democrat Dove
34%
World's greatest martial artist Lady Shiva
34%
CEO of Wayne Enterprises Lucius Fox
34%
Has a cosmic staff Stargirl
34%
Flamethrower and can't fly Heat Wave
33%
Son of Zeus, doesn't narrow it down very much I know Hercules
32%
Killed Bruce's parents Joe Chill
32%
Likes Hal Jordan Star Sapphire
32%
Silly villain that likes dates Calendar Man
31%
Round glasses Hugo Strange
31%
Common man from Kansas Jonathan Kent
31%
Cleavage Powergirl
31%
Manipulates earth Terra
31%
A "Divine Spirit of Vengeance"... Yep (and has a green hood) Spectre
30%
He can shock you Static
30%
Big red alien Atrocitus
29%
Lady that can get really small Bumblebee
29%
One of the great crime lords of Gotham Carmine Falcone
29%
Beware her power and mexican (name requested) Jessica Cruz
29%
Electricity lady Livewire
29%
Hates surface dwellers Ocean Master
29%
Wonder Woman's love interest Steve Trevor
29%
Court of owls enforcer Talon
29%
Turned Wonder Woman into a pig once Circe
28%
Superman's biological father Jor-el
28%
Editor-in-chief of the Daily Planet Perry White
28%
Likes kid's play things Toyman
28%
Likes to fight in the ring Wildcat
28%
Tough woman Amanda Waller
27%
Controls the Antimatter Universe Anti-Monitor
27%
Silliest costume ever (bug) Killer Moth
27%
Was traded and got the bad father Mister Miracle
27%
Was traded and got the good father Orion
27%
The puppet Scarface
27%
He controls a puppet Ventriloquist
27%
Possesses the power of fauna Animal Man
26%
Silly villain that can fly Kite Man
26%
Purple man that drains power Parasite
26%
Likes watches Clock King
25%
Western legendary bounty hunter Jonah Hex
25%
Surgeon villain Professor Pyg
24%
Beware his power and big strong alien (name requested) Kilowog
23%
Evil cyborg Metallo
23%
Really bright (literally) Doctor Light
22%
GCPD officer who distrusts Batman Harvey Bullock
22%
Beware his power and street racer (name requested) Simon Baz
22%
Has a cool yellow shield Guardian
21%
Queen of Paradise Island Hippolyta
21%
He has balls of steel (literally) Mr. Terrific
21%
Darkseid's Lackey Steppenwolf
21%
Special Tactics Robotic Integrated Power Enhancer S.T.R.I.P.E.
21%
Guns blazing old west hero Vigilante
21%
Half man half tiger Bronze Tiger
20%
Asian lady who has a cool mask and fights with sais Cheshire
20%
Rich man wants more power cliche Maxwell Lord
20%
Great shapeshifter and ugly Metamorpho
20%
Two guys, one body and from medieval times Etrigan the Demon
19%
Big white monkey Ultra-Humanite
19%
Green suit villain who likes climate change Weather Wizard
19%
He's a master contortionist and wears a snake suit Copperhead
18%
Apokolips secretary Desaad
18%
Created the android that can copy any power Professor Ivo
18%
DC's web head Black Spider
17%
Satan that wields a trident (he's a hero though) Blue Devil
17%
Chaos kid Klarion
17%
Mine! Larfleeze
17%
Tin man Robotman
17%
Vigilante who wore a gas-mask and used a gun that put people to sleep Sandman
17%
Manipulates warp waves Vibe
17%
Psychopath maniac (more than the others) Victor Zsasz
17%
Stretchy lady Elasti-Girl
16%
Time hero Hourman
16%
Lex Luthor's secretary Mercy Graves
16%
His main deal are gadgets and he's crazy Trickster
16%
His cranium is literally on fire Atomic Skull
15%
Crazy yellow man with green hair Creeper
15%
Really strong redhead man and teen titans villain Mammoth
15%
Bandaged head Negative Man
15%
Shadow dude Shade
15%
Sorcerer who got his powers from making deals with demons Felix Faust
14%
Magma Geoforce
14%
Ancient mage Merlin
14%
He put Superman in a trance state once Mongul
14%
Yellow monstrosity Parallax
14%
Faceless lady Renee Montoya
14%
Hurricane lady Cyclone
13%
Not a politically correct name Gypsy
13%
Ruler of New Genesis Highfather
13%
Furry dude from Apokolips Kalibak
13%
Created the windy android T. O. Morrow
13%
Alakazam Abra Kadabra
12%
Scion of the Vlatvan royal family Count Vertigo
12%
He has a cool owl Doctor Mid-Nite
11%
Rainbow Halo
11%
This one can steal souls with his suit... okay Ragman
11%
Doesn't like the government Anarky
10%
One eyed alien Despero
10%
Makes money selling her mystic services Madame Xanadu
10%
He has a really cool chair Metron
10%
A really mysterious dude. That's it Phantom Stranger
10%
Chemist who turned himself into a mindless brute Blockbuster
9%
Replaced Superman after his death Eradicator
9%
New God raised by the bugs Forager
9%
Leader of a cult that worships a snake god Kobra
9%
Explosive lady Plastique
9%
Medieval hero Shining Knight
9%
Beware his power and purple alien (name requested) Abin Sur
8%
Can communicate with any animal B'wana Beast
8%
He has the power to possess other people Jericho
8%
Beware his power and bird alien (name requested) Tomar-Re
8%
Alien who was enslaved on Earth Icon
7%
Fastest New God Lightray
7%
Has a helmet to enhance his mental abilities Mento
6%
Scariest dude to look at Ragdoll
6%
Really strong redhead man's sister Shimmer
6%
Red vigilante Crimson Avenger
5%
Manipulates shadows Shadow Thief
5%
Has a steel physiology Citizen Steel
4%
Private investigator who specializes in supernatural cases Doctor Occult
4%
Beware his power and midget (name requested) Ganthet
4%
Spreads fake news Glorious Gordon Godfrey
4%
Evil businessman Simon Stagg
4%
Pre-Columbian hero Aztek
3%
General turned monster Wade Eiling
3%
He's from the fifth dimension Mr. Mxyzpltk
2%
Villain scientist Emil Hamilton
1%
No matching quizzes found
Score Distribution
Percent of People with Each Score
Percentile by Number Answered
Your Score History
You have not taken this quiz since the last reset